Unfreezing the housing market (Record no. 112938)

MARC details
000 -LEADER
fixed length control field 01330cad a22002055a 4500
001 - CONTROL NUMBER
control field L154331
008 - FIXED-LENGTH DATA ELEMENTS--GENERAL INFORMATION
fixed length control field 111114s2011 xxk f 000 0 eng d
035 ## - SYSTEM CONTROL NUMBER
System control number (Sirsi) u154331
041 0# - LANGUAGE CODE
Language code of text/sound track or separate title eng
110 2# - MAIN ENTRY--CORPORATE NAME
Corporate name or jurisdiction name as entry element Confederation of British Industry
9 (RLIN) 414
245 00 - TITLE STATEMENT
Title Unfreezing the housing market
Medium [electronic resource]
260 ## - PUBLICATION, DISTRIBUTION, ETC.
Place of publication, distribution, etc. London
Name of publisher, distributor, etc. CBI
Date of publication, distribution, etc. 2011
505 2# - FORMATTED CONTENTS NOTE
Formatted contents note Executive summary -- Recommendations -- Housing plays a cricial role in the UK economy -- Government and business need to tackle failures in the housing market -- Immediate action is needed to support the housing market and drive economic recovery -- A healthy housing market requires long term solutions -- References
520 ## - SUMMARY, ETC.
Summary, etc. Stresses the importance of housing on UK infrastructure and the national economy and its affect on consumer confidence and spending. Recommends that Government and business need to tackle failures in the housing market, immediate action should be taken to support the housing market and drive economic recovery and a healthy housing market requires long term solutions.
590 ## - LOCAL NOTE (RLIN)
Local note KA NTK
651 #4 - SUBJECT ADDED ENTRY--GEOGRAPHIC NAME
Geographic name United Kingdom
Chronological subdivision
690 ## - LOCAL SUBJECT ADDED ENTRY--TOPICAL TERM (OCLC, RLIN)
Topical term or geographic name as entry element PROPERTY-RESIDENTIAL PROPERTY
856 40 - ELECTRONIC LOCATION AND ACCESS
Uniform Resource Identifier <a href="https://www.cbi.org.uk/media/1157544/cbi_unfreezing_the_housing_market_november_2011.pdf">https://www.cbi.org.uk/media/1157544/cbi_unfreezing_the_housing_market_november_2011.pdf</a>
Public note View the item free of charge at cbi.org.uk
942 ## - ADDED ENTRY ELEMENTS (KOHA)
Suppress in OPAC 0
Holdings
Withdrawn status Lost status Source of classification or shelving scheme Damaged status Not for loan Home library Current library Shelving location Date acquired Total Checkouts Full call number Barcode Date last seen Copy number Price effective from Koha item type
    Dewey Decimal Classification     Virtual Virtual Online 14/11/2011   ONLINE PUBLICATION 154331-2001 06/08/2019 1 06/08/2019 Book